|
|
|
|
| LEADER |
03086nam a2200541 4500 |
| 001 |
ocn695558376 |
| 003 |
OCoLC |
| 005 |
20170124071325.4 |
| 006 |
m o d |
| 007 |
cr cn||||||||| |
| 008 |
110107s2011 enk o 001 0 eng d |
| 040 |
|
|
|a DG1
|b eng
|e pn
|c DG1
|d DG1
|d EBLCP
|d OCLCQ
|d OCLCA
|d UKDOC
|d OCLCQ
|d OCLCF
|d YDXCP
|d DEBSZ
|d OCLCQ
|d DEBBG
|d GrThAP
|
| 019 |
|
|
|a 769341675
|
| 020 |
|
|
|a 9780470918548
|q (electronic bk.)
|
| 020 |
|
|
|a 0470918543
|q (electronic bk.)
|
| 020 |
|
|
|a 9780470918531
|
| 020 |
|
|
|a 0470918535
|
| 024 |
7 |
|
|a 10.1002/9780470918548
|2 doi
|
| 029 |
1 |
|
|a DEBSZ
|b 431020515
|
| 029 |
1 |
|
|a NZ1
|b 15922022
|
| 029 |
1 |
|
|a DEBBG
|b BV043392650
|
| 035 |
|
|
|a (OCoLC)695558376
|z (OCoLC)769341675
|
| 037 |
|
|
|a 10.1002/9780470918548
|b Wiley InterScience
|n http://www3.interscience.wiley.com
|
| 050 |
|
4 |
|a RC78.7.D53
|b D43 2011
|
| 082 |
0 |
4 |
|a 616.0754
|2 22
|
| 049 |
|
|
|a MAIN
|
| 100 |
1 |
|
|a Dhawan, Atam P.
|
| 245 |
1 |
0 |
|a Medical image analysis /
|c Atam P. Dhawan.
|
| 250 |
|
|
|a 2nd ed.
|
| 264 |
|
1 |
|a Oxford :
|b Wiley-Blackwell,
|c 2011.
|
| 300 |
|
|
|a 1 online resource (398 pages).
|
| 336 |
|
|
|a text
|b txt
|2 rdacontent
|
| 337 |
|
|
|a computer
|b c
|2 rdamedia
|
| 338 |
|
|
|a online resource
|b cr
|2 rdacarrier
|
| 490 |
1 |
|
|a IEEE Press series on biomedical engineering
|
| 505 |
0 |
|
|a Image Formation -- Interaction of Electromagnetic Radiation with Matter in Medical Imaging -- Medical Imaging Modalities: X-Ray Imaging -- Medical Imaging Modalities: Magnetic Resonance Imaging -- Nuclear Medicine Imaging Modalities -- Medical Imaging Modalities: Ultrasound Imaging -- Image Reconstruction -- Image Processing and Enhancement -- Image Segmentation -- Image Representation, Analysis, and Classification -- Image Registration -- Image Visualization -- Current and Future Trends in Medical Imaging and Image Analysis.
|
| 520 |
|
|
|a The expanded and revised edition will split Chapter 4 to include more details and examples in FMRI, DTI, and DWI for MR image modalities. The book will also expand ultrasound imaging to 3-D dynamic contrast ultrasound imaging in a separate chapter. A new chapter on Optical Imaging Modalities elaborating microscopy, confocal microscopy, endoscopy, optical coherent tomography, fluorescence and molecular imaging will be added. Another new chapter on Simultaneous Multi-Modality Medical Imaging including CT-SPECT and CT-PET will also be added. In the image analysis part, chapters on image reconstruc.
|
| 588 |
0 |
|
|a Print version record.
|
| 650 |
|
0 |
|a Diagnostic imaging.
|
| 650 |
|
0 |
|a Imaging systems in medicine.
|
| 650 |
|
7 |
|a Diagnostic imaging.
|2 fast
|0 (OCoLC)fst00892354
|
| 650 |
|
7 |
|a Imaging systems in medicine.
|2 fast
|0 (OCoLC)fst00967628
|
| 655 |
|
4 |
|a Electronic books.
|
| 710 |
2 |
|
|a Wiley InterScience (Online service)
|
| 776 |
0 |
8 |
|i Print version:
|a Dhawan, Atam P.
|t Medical image analysis.
|b 2nd ed.
|d Oxford : Wiley-Blackwell, 2011
|z 9780470622056
|w (OCoLC)664324117
|
| 830 |
|
0 |
|a IEEE Press series in biomedical engineering.
|
| 856 |
4 |
0 |
|u https://doi.org/10.1002/9780470918548
|z Full Text via HEAL-Link
|
| 994 |
|
|
|a 92
|b DG1
|